Collection of crop germplasm. The first ten year 1974-84
Gespeichert in:
| Format: | Buch |
|---|---|
| Sprache: | Undetermined |
| Veröffentlicht: |
Rome
International Board for plant Genetic Resources
1984
|
| Schlagworte: | |
| Tags: |
Tag hinzufügen
Keine Tags, Fügen Sie den ersten Tag hinzu!
|
| Thư viện lưu trữ: | Trung tâm Học liệu Trường Đại học Cần Thơ |
|---|
| LEADER | 00503nam a2200157Ia 4500 | ||
|---|---|---|---|
| 001 | CTU_30148 | ||
| 008 | 210402s9999 xx 000 0 und d | ||
| 082 | |a 631 | ||
| 082 | |b C697 | ||
| 245 | 0 | |a Collection of crop germplasm. The first ten year 1974-84 | |
| 260 | |a Rome | ||
| 260 | |b International Board for plant Genetic Resources | ||
| 260 | |c 1984 | ||
| 650 | |a plant genetics,plants - collection and preservation | ||
| 904 | |i Liên, 990308 | ||
| 980 | |a Trung tâm Học liệu Trường Đại học Cần Thơ | ||